MENTORPRENEUR: (Record no. 216785)

MARC details
000 -LEADER
fixed length control field 00657nam a22002057a 4500
005 - DATE AND TIME OF LATEST TRANSACTION
control field 20260625112246.0
010 ## - LCCN (DPL NO)
LC control number ENG-146470
020 ## - INTERNATIONAL STANDARD BOOK NUMBER
Terms of availability 545.00
International Standard Book Number 9788196152451
035 ## - SYSTEM CONTROL NUMBER
System control number EN-130002
037 ## - SOURCE OF ACQUISITION
Source of stock number/acquisition DBAD
082 ## - DEWEY DECIMAL CLASSIFICATION NUMBER
Classification number 921
Edition number 1
100 ## - MAIN ENTRY--PERSONAL NAME
Personal name R Prakash
245 ## - TITLE STATEMENT
Title MENTORPRENEUR:
Remainder of title Dr. A. S. Aiyar/
Statement of responsibility, etc R Prakash
250 ## - EDITION STATEMENT
Edition statement 1
260 ## - PUBLICATION, DISTRIBUTION, ETC. (IMPRINT)
Place of publication, distribution, etc Bengaluru
Name of publisher, distributor, etc Prism Books Pvt. Ltd.
Date of publication, distribution, etc 2023
270 ## - ADDRESS
Address 1865, 32nd Cross, 10th Main BSK II Stage
City Bengaluru
Postal code 560070
Telephone number 080-26714108
Electronic mail address logistics@prismbooks.com
300 ## - PHYSICAL DESCRIPTION
Extent 299p.
Dimensions 23cm (hb)
500 ## - GENERAL NOTE
General note A Pioneer of the Indian food Processing Industry
942 ## - ADDED ENTRY ELEMENTS (KOHA)
Source of classification or shelving scheme Dewey Decimal Classification
Item type English Books
Classification part 921
Call number suffix RPR
Holdings
Withdrawn status Lost status Not for loan Collection code Home library Current library Date acquired Source of acquisition Cost, normal purchase price Full call number Barcode Copy number Cost, replacement price Koha item type
    Not For Loan Non-fiction D.B.Act.Division D.B.Act.Division 25/06/2026 Delivery of Books Act Division 545.00 921 RPR EN-130002 1 545.00 English Books

© Delhi Public Library
Hit Counter
free hit counter